00442nam a2200181Ia 4500008004100000020001800041245002200059245001600081245004400097260001500141260001600156260001100172300001500183300002500198300001000223500000800233999001900241170705s9999 xx 000 0 und d a9780531210437 aScary creatures : bpinnipeds / cJohn Malam ; created by David Salariya. aNew York : bScholastic, c[1989] a32 pages : bcolor illustration ; c28cm. a930 c336571d336571